000 00552nam a2200157 4500
999 _c9804
_d9804
008 180717b ||||| |||| 00| 0 eng d
022 _a2094-8042
082 _aDPer 370.105 M72 June 2010-Mar 2011 v. 59 n. 1-10
100 _934228
_aCanonizado, Isagani Costales.
245 _a12 wishes for the new year/
_cIsagani Costales Canonizado.
246 _aTwelve wishes for the new year/
260 _aPhilippines;
_bIn The Grade School, Inc.,
_cc2010-2011.
300 _av59 n8, page 322;
_c27cm.
650 0 _934229
_aPhilippine
_xPoetry
942 _2ddc
_cPER